|
|
|
|
| LEADER |
00000nab a2200000 4500 |
| 001 |
vtls012029569 |
| 003 |
SK-MaSNL |
| 005 |
20260318114746.0 |
| 008 |
210430c2020 xo er|n || ||00 c0ukr |
| 015 |
|
|
|a SNBRB2021/04
|
| 038 |
|
|
|a SVKPOCL
|
| 040 |
|
|
|a SVKPOCL
|b slo
|c SVKPOCL
|e rda
|
| 041 |
0 |
|
|a ukr
|
| 043 |
|
|
|a e-xo---
|a e-un---
|
| 044 |
|
|
|a xo
|c SK
|
| 072 |
|
7 |
|a 82.0
|x Literatúra (teória)
|2 konspekt
|
| 072 |
|
7 |
|a 316.7
|x Sociológia kultúry. Kultúrny život
|2 konspekt
|
| 080 |
|
|
|a (048.83)
|2 2011
|
| 080 |
|
|
|a 82(091)"18/19"
|2 2011
|
| 080 |
|
|
|a 050.9
|2 2011
|
| 080 |
|
|
|a 821.161.2(091)
|2 2011
|
| 080 |
|
|
|a 82.02:398(091)
|2 2011
|
| 080 |
|
|
|a 82.02:821(091)
|2 2011
|
| 080 |
|
|
|a 930.1(4)
|2 2011
|
| 100 |
1 |
|
|a Hrivna, Vasiľ,
|d 1915-1987
|4 aut
|9 1585266
|
| 245 |
1 |
0 |
|a Počatky našoji istoriji v perekazach, lehendach ta chronikach
|c Vasyl' Hryvna.
|
| 336 |
|
|
|a text
|b txt
|2 rdacontent
|
| 337 |
|
|
|a bez média
|b n
|2 rdamedia
|
| 338 |
|
|
|a zväzok
|b nc
|2 rdacarrier
|
| 500 |
|
|
|a V rubrike Z krajiny i kraju
|
| 500 |
|
|
|a Skrátené, začiatok
|
| 650 |
0 |
7 |
|a historiografia
|2 SNKPH
|9 3848
|
| 650 |
0 |
7 |
|a kultúrne dejiny
|2 SNKPH
|9 4307
|
| 650 |
0 |
7 |
|a literárna história
|2 SNKPH
|9 1136
|
| 650 |
0 |
7 |
|a štúdie
|2 SNKPH
|9 92810
|
| 651 |
|
7 |
|a Mukačevo (Ukrajina)
|2 SNKPH
|9 30450
|
| 773 |
0 |
|
|t Nove žyttja
|g Roč. 70, č. 15 (2020), s. 3
|
| 787 |
0 |
8 |
|i Zo štúdie:
|a Hrivna, Vasiľ, 1915-1987
|t Počatky našoji istoriji v perekazach, lehendach ta chronikach
|g In: Družno vpered. - Roč. 15, № 3 (1965), s. 21-22
|w vtls010299689
|
| 852 |
|
|
|a SVKPO
|b KIS3GCP
|
| 958 |
|
|
|a SS
|
| 958 |
|
|
|a LX
|
| 958 |
|
|
|a UA
|
| 958 |
|
|
|a NM
|
| 958 |
|
|
|a HU
|
| 958 |
|
|
|a RS
|
| 999 |
|
|
|c 3288513
|d 3290443
|